PROGRAMMING SQL SERVER 2005 1ST ED O`REILLY/ (Record no. 54948)

MARC details
000 -LEADER
fixed length control field 00447pam a2200169 a 4500
020 ## - INTERNATIONAL STANDARD BOOK NUMBER
International Standard Book Number 81-7366-786-1
Terms of availability
041 ## - LANGUAGE CODE
Language code of original
082 ## - DEWEY DECIMAL CLASSIFICATION NUMBER
Item number HAM
100 ## - MAIN ENTRY--PERSONAL NAME
Personal name HAMILTON B.
245 ## - TITLE STATEMENT
Title PROGRAMMING SQL SERVER 2005 1ST ED O`REILLY/
Medium Textual Documents
250 ## - EDITION STATEMENT
Edition statement 01-03-2006.
260 ## - PUBLICATION, DISTRIBUTION, ETC.
Name of publisher, distributor, etc. SHR0FF PUBLISHERS ANDDISTRIBUTORS PVT.LTD.MUMBAI
300 ## - PHYSICAL DESCRIPTION
Extent XI/571/12
Dimensions 23 X 18
500 ## - GENERAL NOTE
General note 12189
653 ## - INDEX TERM--UNCONTROLLED
Uncontrolled term COMPUTER NETWORKS (T.E.II)
930 ## - EQUIVALENCE OR CROSS-REFERENCE-UNIFORM TITLE HEADING [LOCAL, CANADA]
Uniform title 11723
Holdings
Withdrawn status Lost status Damaged status Not for loan Collection Home library Current library Shelving location Date acquired Source of acquisition Cost, normal purchase price Total Checkouts Full call number Barcode Date last seen Date last checked out Copy number Price effective from Koha item type
        EWP College of Engineering for Women, Pune College of Engineering for Women, Pune v 14/11/2007 BHARATI MADHYA. SAHAKARI GRAHAK BHANDAR LTD., 400.00 1 HAM EWP-11673 25/04/2026 25/04/2026 1 24/02/2023 Book